| 000 | 00345nam a2200145Ia 4500 | ||
|---|---|---|---|
| 005 | 20251222153539.0 | ||
| 008 | 251222s9999||||xx |||||||||||||| ||spa|| | ||
| 020 | _a9786120015933 | ||
| 082 | _a657/Z74 | ||
| 100 | _aZeballos Zeballos, Erly | ||
| 245 | 0 | _aContabilidad Gerenal: | |
| 250 | _a1ra.ed. | ||
| 264 | _bErly Zeballos | ||
| 942 | _cLIB | ||
| 999 |
_c30400 _d30400 |
||